[Event "Королевский Гамбит. Южный Федеральный округ."]
[Date "2025-11-21"]
[Round "5.2"]
[Board "2"]
[White "Харьковский Назар"]
[WhiteElo "1020"]
[Black "Хачатуров Илья"]
[BlackElo "1020"]
[WebSite "https://www.chessopen.ru"]
[GameId "b5a3bd04-6be3-49d1-bc89-66e4be02d6d8"]
[Result "0-1"]

1. e4 { [%clk 0:10:02] } e5 { [%clk 0:10:01] } 2. Nf3 { [%clk 0:10:02] } Nc6 {
[%clk 0:10:02] } 3. Nc3 { [%clk 0:10:04] } Nf6 { [%clk 0:10:02] } 4. Bb5 {
[%clk 0:10:05] } d6 { [%clk 0:09:40] } 5. Bxc6+ { [%clk 0:10:05] } bxc6 { [%clk
0:09:41] } 6. h3 { [%clk 0:10:02] } Be6 { [%clk 0:09:39] } 7. d3 { [%clk
0:10:01] } Be7 { [%clk 0:09:40] } 8. Be3 { [%clk 0:10:00] } O-O { [%clk
0:09:40] } 9. O-O { [%clk 0:10:00] } Rb8 { [%clk 0:09:29] } 10. a4 { [%clk
0:09:54] } a5 { [%clk 0:09:22] } 11. b3 { [%clk 0:09:53] } Qd7 { [%clk 0:08:57]
} 12. Ne1 { [%clk 0:09:53] } d5 { [%clk 0:08:52] } 13. exd5 { [%clk 0:09:54] }
cxd5 { [%clk 0:08:55] } 14. Qf3 { [%clk 0:09:53] } d4 { [%clk 0:08:53] } 15.
Bc1 { [%clk 0:09:54] } dxc3 { [%clk 0:08:53] } 16. Qg3 { [%clk 0:09:54] } Rfd8
{ [%clk 0:08:17] } 17. Bh6 { [%clk 0:09:54] } Bf8 { [%clk 0:08:18] } 18. Nf3 {
[%clk 0:09:48] } e4 { [%clk 0:07:35] } 19. Ne5 { [%clk 0:09:48] } Qd6 { [%clk
0:07:26] } 20. Ng4 { [%clk 0:09:28] } Qxg3 { [%clk 0:07:22] } 21. fxg3 { [%clk
0:09:28] } Nxg4 { [%clk 0:07:21] } 22. hxg4 { [%clk 0:09:29] } gxh6 { [%clk
0:07:23] } 23. Rf4 { [%clk 0:09:18] } Bd6 { [%clk 0:07:19] } 24. Kh2 { [%clk
0:09:04] } Bxf4 { [%clk 0:07:20] } 25. gxf4 { [%clk 0:09:05] } Bxg4 { [%clk
0:07:19] } 26. Kg3 { [%clk 0:09:05] } h5 { [%clk 0:07:19] } 27. Re1 { [%clk
0:09:03] } exd3 { [%clk 0:07:18] } 28. cxd3 { [%clk 0:09:04] } Rxd3+ { [%clk
0:07:19] } 29. Kh4 { [%clk 0:09:01] } Rd1 { [%clk 0:07:16] } 30. Re4 { [%clk
0:09:00] } c2 { [%clk 0:07:12] } 0-1

[Event "Королевский Гамбит. Южный Федеральный округ."]
[Date "2025-11-21"]
[Round "5.3"]
[Board "3"]
[White "Гладышев Константин"]
[WhiteElo "1019"]
[Black "Бездорожный Мирослав"]
[BlackElo "991"]
[WebSite "https://www.chessopen.ru"]
[GameId "f498ce6a-a459-4c0b-971d-195f5a0f5557"]
[Result "1-0"]

1. e4 { [%clk 0:10:01] } e5 { [%clk 0:09:59] } 2. Nf3 { [%clk 0:09:58] } Nc6 {
[%clk 0:09:59] } 3. Bc4 { [%clk 0:09:55] } Nf6 { [%clk 0:09:59] } 4. Nc3 {
[%clk 0:09:57] } d6 { [%clk 0:09:58] } 5. h3 { [%clk 0:09:57] } Be7 { [%clk
0:09:49] } 6. d4 { [%clk 0:09:58] } exd4 { [%clk 0:09:50] } 7. Nxd4 { [%clk
0:09:59] } Nxd4 { [%clk 0:09:50] } 8. Qxd4 { [%clk 0:10:01] } O-O { [%clk
0:09:44] } 9. O-O { [%clk 0:09:57] } h6 { [%clk 0:09:45] } 10. Nd5 { [%clk
0:09:50] } c6 { [%clk 0:09:21] } 11. Nxf6+ { [%clk 0:09:51] } Bxf6 { [%clk
0:09:19] } 12. Qd3 { [%clk 0:09:51] } d5 { [%clk 0:09:08] } 13. exd5 { [%clk
0:09:52] } g6 { [%clk 0:08:59] } 14. dxc6 { [%clk 0:09:41] } Qxd3 { [%clk
0:09:00] } 15. cxd3 { [%clk 0:09:38] } bxc6 { [%clk 0:09:01] } 16. Bxh6 { [%clk
0:09:40] } Re8 { [%clk 0:08:57] } 17. Rfe1 { [%clk 0:09:39] } Rxe1+ { [%clk
0:08:57] } 18. Rxe1 { [%clk 0:09:40] } Bb7 { [%clk 0:08:53] } 19. g4 { [%clk
0:09:35] } c5 { [%clk 0:08:51] } 20. g5 { [%clk 0:09:36] } Bxg5 { [%clk
0:08:50] } 21. Bxg5 { [%clk 0:09:37] } Kg7 { [%clk 0:08:36] } 22. Re7 { [%clk
0:09:34] } Bf3 { [%clk 0:08:23] } 23. Rxf7+ { [%clk 0:09:33] } Kg8 { [%clk
0:08:10] } 24. Rxa7+ { [%clk 0:09:30] } Kf8 { [%clk 0:08:04] } 25. Rf7+ { [%clk
0:09:31] } Ke8 { [%clk 0:08:04] } 26. Rxf3 { [%clk 0:09:32] } Rxa2 { [%clk
0:07:56] } 27. Bxa2 { [%clk 0:09:33] } Kd7 { [%clk 0:07:53] } 28. Bd5 { [%clk
0:09:31] } Kd6 { [%clk 0:07:53] } 29. Bc4 { [%clk 0:09:31] } Ke5 { [%clk
0:07:54] } 30. Re3+ { [%clk 0:09:31] } Kd4 { [%clk 0:07:54] } 31. Bf6# { [%clk
0:09:31] } 1-0

[Event "Королевский Гамбит. Южный Федеральный округ."]
[Date "2025-11-21"]
[Round "5.3"]
[Board "3"]
[White "Коновалов Владислав"]
[WhiteElo "1029"]
[Black "Дружинин Артём"]
[BlackElo "1010"]
[WebSite "https://www.chessopen.ru"]
[GameId "ad500fc8-68fd-4b2b-8923-254c7b52b260"]
[Result "0-1"]

1. c4 { [%clk 0:09:59] } e5 { [%clk 0:09:54] } 2. Nc3 { [%clk 0:09:59] } Nf6 {
[%clk 0:09:50] } 3. g3 { [%clk 0:09:57] } Nc6 { [%clk 0:09:39] } 4. Bg2 { [%clk
0:09:57] } Bb4 { [%clk 0:09:34] } 5. d3 { [%clk 0:09:56] } d5 { [%clk 0:09:30]
} 6. Nf3 { [%clk 0:09:53] } d4 { [%clk 0:09:29] } 7. O-O { [%clk 0:09:20] }
dxc3 { [%clk 0:08:40] } 8. bxc3 { [%clk 0:09:13] } Bxc3 { [%clk 0:08:35] } 9.
Rb1 { [%clk 0:09:07] } O-O { [%clk 0:08:00] } 10. Be3 { [%clk 0:09:06] } Bg4 {
[%clk 0:07:43] } 11. Ng5 { [%clk 0:08:59] } h6 { [%clk 0:06:36] } 12. Ne4 {
[%clk 0:08:52] } Nxe4 { [%clk 0:06:28] } 13. Bxe4 { [%clk 0:08:45] } Bh3 {
[%clk 0:06:25] } 14. Bg2 { [%clk 0:08:41] } Bxg2 { [%clk 0:06:19] } 15. Kxg2 {
[%clk 0:08:41] } f5 { [%clk 0:06:00] } 16. Rxb7 { [%clk 0:08:37] } f4 { [%clk
0:05:51] } 17. gxf4 { [%clk 0:08:35] } exf4 { [%clk 0:05:49] } 18. Bc5 { [%clk
0:08:29] } Qg5+ { [%clk 0:05:45] } 19. Kh1 { [%clk 0:08:14] } Qxc5 { [%clk
0:05:45] } 20. Rxc7 { [%clk 0:08:08] } Qd6 { [%clk 0:05:39] } 21. Rb7 { [%clk
0:07:31] } Rfb8 { [%clk 0:05:32] } 22. Qb3 { [%clk 0:07:27] } Na5 { [%clk
0:05:04] } 23. c5+ { [%clk 0:07:04] } Nxb3 { [%clk 0:04:35] } 24. Rxb8+ { [%clk
0:06:51] } Rxb8 { [%clk 0:04:28] } 25. cxd6 { [%clk 0:06:49] } Nd4 { [%clk
0:04:25] } 26. d7 { [%clk 0:06:45] } Nxe2 { [%clk 0:04:04] } 27. f3 { [%clk
0:06:18] } Rd8 { [%clk 0:03:51] } 28. Rf2 { [%clk 0:06:06] } Ng3+ { [%clk
0:02:48] } 29. hxg3 { [%clk 0:06:03] } fxg3 { [%clk 0:02:48] } 30. Rc2 { [%clk
0:05:59] } Bf6 { [%clk 0:02:40] } 31. Rc8 { [%clk 0:05:39] } Kf7 { [%clk
0:02:36] } 32. Rxd8 { [%clk 0:05:33] } Bxd8 { [%clk 0:02:33] } 33. a4 { [%clk
0:05:29] } h5 { [%clk 0:02:33] } 34. Kg2 { [%clk 0:05:27] } h4 { [%clk 0:02:34]
} 35. d4 { [%clk 0:05:18] } Ke7 { [%clk 0:02:32] } 36. f4 { [%clk 0:05:09] } g6
{ [%clk 0:02:28] } 37. d5 { [%clk 0:05:03] } Kxd7 { [%clk 0:02:22] } 38. Kh3 {
[%clk 0:04:52] } Kd6 { [%clk 0:02:21] } 39. Kg2 { [%clk 0:04:23] } Kxd5 { [%clk
0:02:11] } 40. Kh3 { [%clk 0:04:20] } Ke4 { [%clk 0:02:05] } 41. Kg2 { [%clk
0:04:13] } Kxf4 { [%clk 0:02:02] } 42. Kh3 { [%clk 0:04:12] } Kf3 { [%clk
0:02:00] } 43. a5 { [%clk 0:03:49] } g2 { [%clk 0:01:56] } 44. Kh2 { [%clk
0:03:46] } Bc7+ { [%clk 0:01:47] } 45. Kg1 { [%clk 0:03:43] } h3 { [%clk
0:01:45] } 46. a6 { [%clk 0:03:37] } h2# { [%clk 0:01:42] } 0-1

[Event "Королевский Гамбит. Южный Федеральный округ."]
[Date "2025-11-21"]
[Round "5.3"]
[Board "3"]
[White "Крутых София"]
[WhiteElo "1009"]
[Black "Моисеенко Александр"]
[BlackElo "1039"]
[WebSite "https://www.chessopen.ru"]
[GameId "910038dd-a523-4cf9-b011-0b8de25adbe4"]
[Result "0-1"]

1. e4 { [%clk 0:10:00] } e5 { [%clk 0:10:00] } 2. Nf3 { [%clk 0:09:59] } Nc6 {
[%clk 0:10:01] } 3. Nc3 { [%clk 0:09:56] } Nf6 { [%clk 0:10:01] } 4. Bb5 {
[%clk 0:09:55] } d6 { [%clk 0:10:01] } 5. d3 { [%clk 0:09:54] } Bd7 { [%clk
0:10:01] } 6. Bg5 { [%clk 0:09:53] } Be7 { [%clk 0:09:55] } 7. h3 { [%clk
0:09:52] } h6 { [%clk 0:09:56] } 8. Bxf6 { [%clk 0:09:52] } Bxf6 { [%clk
0:09:53] } 9. O-O { [%clk 0:09:52] } O-O { [%clk 0:09:47] } 10. Bc4 { [%clk
0:09:39] } a6 { [%clk 0:09:28] } 11. Nd5 { [%clk 0:09:33] } Be6 { [%clk
0:09:16] } 12. b3 { [%clk 0:09:17] } b5 { [%clk 0:09:10] } 13. Nxf6+ { [%clk
0:09:12] } Qxf6 { [%clk 0:09:05] } 14. Bxe6 { [%clk 0:09:11] } fxe6 { [%clk
0:08:57] } 15. c3 { [%clk 0:09:07] } Qg6 { [%clk 0:08:52] } 16. Nh4 { [%clk
0:09:00] } Qg5 { [%clk 0:08:51] } 17. Nf3 { [%clk 0:08:58] } Qe7 { [%clk
0:08:49] } 18. d4 { [%clk 0:08:41] } exd4 { [%clk 0:08:47] } 19. cxd4 { [%clk
0:08:41] } e5 { [%clk 0:08:45] } 20. dxe5 { [%clk 0:08:41] } Nxe5 { [%clk
0:08:34] } 21. Nxe5 { [%clk 0:08:34] } Qxe5 { [%clk 0:08:30] } 22. Qd5+ { [%clk
0:08:08] } Qxd5 { [%clk 0:08:28] } 23. exd5 { [%clk 0:08:08] } Rae8 { [%clk
0:08:20] } 24. Rac1 { [%clk 0:08:05] } Rc8 { [%clk 0:08:15] } 25. Rc6 { [%clk
0:08:03] } Rf5 { [%clk 0:08:14] } 26. Rxa6 { [%clk 0:08:01] } Rxd5 { [%clk
0:08:10] } 27. Re1 { [%clk 0:07:43] } Re5 { [%clk 0:08:08] } 28. Rxe5 { [%clk
0:07:40] } dxe5 { [%clk 0:08:08] } 29. Re6 { [%clk 0:07:40] } Ra8 { [%clk
0:08:09] } 30. Rxe5 { [%clk 0:07:39] } Rxa2 { [%clk 0:08:04] } 31. Rxb5 { [%clk
0:07:40] } Rb2 { [%clk 0:08:02] } 32. f4 { [%clk 0:07:35] } Kf7 { [%clk
0:07:52] } 33. Rb7 { [%clk 0:07:35] } Ke6 { [%clk 0:07:46] } 34. Rxc7 { [%clk
0:07:36] } Rxb3 { [%clk 0:07:41] } 35. Rxg7 { [%clk 0:07:37] } Kf5 { [%clk
0:07:26] } 36. Rf7+ { [%clk 0:07:36] } Kg6 { [%clk 0:07:21] } 37. Rf8 { [%clk
0:07:36] } Kh5 { [%clk 0:07:22] } 38. Kh2 { [%clk 0:07:36] } Kh4 { [%clk
0:07:20] } 39. Rf5 { [%clk 0:07:34] } h5 { [%clk 0:07:02] } 40. Kg1 { [%clk
0:07:06] } Kg3 { [%clk 0:07:00] } 41. Rxh5 { [%clk 0:07:07] } Rb1# { [%clk
0:06:59] } 0-1

[Event "Королевский Гамбит. Южный Федеральный округ."]
[Date "2025-11-21"]
[Round "5.3"]
[Board "3"]
[White "Панкратов Никита"]
[WhiteElo "970"]
[Black "Курочкин Артём"]
[BlackElo "990"]
[WebSite "https://www.chessopen.ru"]
[GameId "e6aa1f6b-abbc-4683-a429-e6c24f173738"]
[Result "0-1"]

1. d4 { [%clk 0:09:59] } d6 { [%clk 0:09:58] } 2. e4 { [%clk 0:09:59] } Nc6 {
[%clk 0:09:58] } 3. Nf3 { [%clk 0:09:55] } e6 { [%clk 0:09:41] } 4. Bg5 { [%clk
0:09:52] } f6 { [%clk 0:09:34] } 5. Be3 { [%clk 0:09:31] } f5 { [%clk 0:09:20]
} 6. Nc3 { [%clk 0:09:25] } fxe4 { [%clk 0:09:20] } 7. Nxe4 { [%clk 0:09:23] }
Nf6 { [%clk 0:09:14] } 8. Nxf6+ { [%clk 0:09:15] } gxf6 { [%clk 0:09:15] } 9.
Bb5 { [%clk 0:08:58] } a6 { [%clk 0:08:41] } 10. Bxc6+ { [%clk 0:08:55] } bxc6
{ [%clk 0:08:37] } 11. O-O { [%clk 0:08:53] } Bg7 { [%clk 0:08:22] } 12. c4 {
[%clk 0:08:39] } d5 { [%clk 0:08:09] } 13. c5 { [%clk 0:08:34] } O-O { [%clk
0:07:55] } 14. Re1 { [%clk 0:08:28] } e5 { [%clk 0:07:48] } 15. dxe5 { [%clk
0:08:25] } fxe5 { [%clk 0:07:48] } 16. Bg5 { [%clk 0:08:22] } Qe8 { [%clk
0:07:42] } 17. Qe2 { [%clk 0:08:00] } Qg6 { [%clk 0:07:06] } 18. Rad1 { [%clk
0:07:58] } e4 { [%clk 0:07:05] } 19. Nh4 { [%clk 0:07:36] } Qxg5 { [%clk
0:06:59] } 20. b4 { [%clk 0:06:59] } Qxh4 { [%clk 0:06:41] } 21. h3 { [%clk
0:06:23] } e3 { [%clk 0:06:36] } 22. Qxe3 { [%clk 0:06:15] } Bd7 { [%clk
0:05:44] } 23. Rd3 { [%clk 0:05:49] } Rae8 { [%clk 0:05:31] } 24. Qd2 { [%clk
0:05:43] } Rxe1+ { [%clk 0:05:08] } 25. Qxe1 { [%clk 0:05:41] } Bf5 { [%clk
0:04:55] } 26. Re3 { [%clk 0:05:29] } Be4 { [%clk 0:04:35] } 27. g3 { [%clk
0:04:40] } Qg5 { [%clk 0:04:07] } 28. h4 { [%clk 0:04:21] } Qg4 { [%clk
0:03:33] } 29. Qc3 { [%clk 0:03:44] } Qh3 { [%clk 0:03:31] } 30. Qxg7+ { [%clk
0:03:12] } Kxg7 { [%clk 0:03:25] } 31. Rxe4 { [%clk 0:03:07] } dxe4 { [%clk
0:03:23] } 32. f3 { [%clk 0:02:55] } Rxf3 { [%clk 0:03:18] } 33. b5 { [%clk
0:02:51] } Rf1# { [%clk 0:03:20] } 0-1

[Event "Королевский Гамбит. Южный Федеральный округ."]
[Date "2025-11-21"]
[Round "5.3"]
[Board "3"]
[White "Сухомлин Маргарита"]
[WhiteElo "981"]
[Black "Кравчук Сергей"]
[BlackElo "981"]
[WebSite "https://www.chessopen.ru"]
[GameId "fe0bbef4-8be2-4051-b7b7-5e510e726c10"]
[Result "1-0"]

1. d4 { [%clk 0:10:00] } e5 { [%clk 0:10:00] } 2. Nf3 { [%clk 0:09:59] } Bb4+ {
[%clk 0:09:57] } 3. c3 { [%clk 0:09:59] } Bf8 { [%clk 0:09:57] } 4. Ng5 { [%clk
0:09:58] } Qe7 { [%clk 0:09:47] } 5. e4 { [%clk 0:09:52] } f6 { [%clk 0:09:44]
} 6. Nf3 { [%clk 0:09:33] } Nc6 { [%clk 0:09:35] } 7. d5 { [%clk 0:09:33] } b5
{ [%clk 0:09:30] } 8. dxc6 { [%clk 0:09:33] } dxc6 { [%clk 0:09:30] } 9. b3 {
[%clk 0:09:25] } Bg4 { [%clk 0:09:28] } 10. c4 { [%clk 0:09:23] } Bxf3 { [%clk
0:09:28] } 11. Qxf3 { [%clk 0:09:08] } Qb4+ { [%clk 0:09:28] } 12. Nc3 { [%clk
0:09:04] } Qxc3+ { [%clk 0:09:24] } 13. Qxc3 { [%clk 0:09:02] } Bb4 { [%clk
0:09:22] } 14. Qxb4 { [%clk 0:09:03] } Ne7 { [%clk 0:09:10] } 15. cxb5 { [%clk
0:09:03] } cxb5 { [%clk 0:09:09] } 16. Qxb5+ { [%clk 0:09:03] } Nc6 { [%clk
0:09:06] } 17. Qxc6+ { [%clk 0:09:03] } Kd8 { [%clk 0:09:06] } 18. Qxa8+ {
[%clk 0:08:59] } Ke7 { [%clk 0:09:05] } 19. Qxh8 { [%clk 0:09:00] } g5 { [%clk
0:09:04] } 20. Qxh7+ { [%clk 0:08:59] } Kd8 { [%clk 0:09:05] } 21. Qh8+ { [%clk
0:08:54] } Ke7 { [%clk 0:08:57] } 22. Be3 { [%clk 0:08:50] } Ke6 { [%clk
0:08:46] } 23. Bc4+ { [%clk 0:08:48] } Kd7 { [%clk 0:08:46] } 24. Bb5+ { [%clk
0:08:46] } Ke7 { [%clk 0:08:46] } 25. Qe8+ { [%clk 0:08:45] } Kd6 { [%clk
0:08:45] } 26. Qd7# { [%clk 0:08:44] } 1-0

[Event "Королевский Гамбит. Южный Федеральный округ."]
[Date "2025-11-21"]
[Round "5.4"]
[Board "4"]
[White "Корниенко Ева"]
[WhiteElo "1010"]
[Black "Крутых Кира"]
[BlackElo "1019"]
[WebSite "https://www.chessopen.ru"]
[GameId "ff4aa2bd-2798-4218-b96e-bce4a53cf9f5"]
[Result "1-0"]

1. e4 { [%clk 0:10:01] } e5 { [%clk 0:10:00] } 2. Nf3 { [%clk 0:10:02] } Nc6 {
[%clk 0:10:00] } 3. Nc3 { [%clk 0:10:01] } Nf6 { [%clk 0:09:57] } 4. Bb5 {
[%clk 0:10:02] } Bc5 { [%clk 0:09:52] } 5. Bxc6 { [%clk 0:10:02] } dxc6 { [%clk
0:09:48] } 6. O-O { [%clk 0:10:01] } Bg4 { [%clk 0:09:39] } 7. h3 { [%clk
0:10:01] } Bh5 { [%clk 0:09:36] } 8. d3 { [%clk 0:10:00] } h6 { [%clk 0:09:25]
} 9. Bd2 { [%clk 0:09:59] } O-O { [%clk 0:09:23] } 10. Qe2 { [%clk 0:10:00] }
a6 { [%clk 0:08:53] } 11. Rfe1 { [%clk 0:10:01] } Qd4 { [%clk 0:08:43] } 12.
Nxd4 { [%clk 0:10:00] } Bxe2 { [%clk 0:08:33] } 13. Rxe2 { [%clk 0:09:55] }
exd4 { [%clk 0:08:34] } 14. Na4 { [%clk 0:09:53] } Ba7 { [%clk 0:08:33] } 15.
e5 { [%clk 0:09:50] } Nd5 { [%clk 0:08:29] } 16. c4 { [%clk 0:09:48] } Ne3 {
[%clk 0:08:21] } 17. Bxe3 { [%clk 0:09:45] } dxe3 { [%clk 0:08:19] } 18. Rxe3 {
[%clk 0:09:45] } Bxe3 { [%clk 0:08:18] } 19. fxe3 { [%clk 0:09:41] } b5 { [%clk
0:08:12] } 20. Nb6 { [%clk 0:09:42] } Rab8 { [%clk 0:08:11] } 21. Nd7 { [%clk
0:09:41] } Rbd8 { [%clk 0:08:10] } 22. Nxf8 { [%clk 0:09:34] } Rxf8 { [%clk
0:08:09] } 23. c5 { [%clk 0:09:33] } Rd8 { [%clk 0:07:59] } 24. d4 { [%clk
0:09:30] } b4 { [%clk 0:07:46] } 25. a3 { [%clk 0:09:27] } bxa3 { [%clk
0:07:46] } 26. bxa3 { [%clk 0:09:28] } Rb8 { [%clk 0:07:42] } 27. a4 { [%clk
0:09:29] } Rb2 { [%clk 0:07:40] } 28. Kf1 { [%clk 0:09:08] } Rc2 { [%clk
0:07:34] } 29. a5 { [%clk 0:08:54] } Rc3 { [%clk 0:07:29] } 30. Re1 { [%clk
0:08:39] } Ra3 { [%clk 0:07:26] } 31. Rb1 { [%clk 0:08:30] } Rb3 { [%clk
0:07:24] } 32. Rxb3 { [%clk 0:08:28] } 1-0

[Event "Королевский Гамбит. Южный Федеральный округ."]
[Date "2025-11-21"]
[Round "5.4"]
[Board "4"]
[White "Курбанова Ангелина"]
[WhiteElo "1019"]
[Black "Григорян Милена"]
[BlackElo "962"]
[WebSite "https://www.chessopen.ru"]
[GameId "a5073a7d-30e1-400a-b4de-d938eed469af"]
[Result "1-0"]

1. e4 { [%clk 0:10:00] } d6 { [%clk 0:09:56] } 2. d4 { [%clk 0:10:01] } e6 {
[%clk 0:09:57] } 3. Nf3 { [%clk 0:09:59] } e5 { [%clk 0:09:51] } 4. dxe5 {
[%clk 0:10:00] } dxe5 { [%clk 0:09:52] } 5. Qxd8+ { [%clk 0:10:01] } Kxd8 {
[%clk 0:09:51] } 6. Nxe5 { [%clk 0:10:03] } Ke8 { [%clk 0:09:47] } 7. Nc3 {
[%clk 0:10:01] } Bd6 { [%clk 0:09:44] } 8. Nf3 { [%clk 0:09:56] } Bg4 { [%clk
0:09:29] } 9. Be2 { [%clk 0:09:55] } f5 { [%clk 0:09:24] } 10. h3 { [%clk
0:09:55] } Bxf3 { [%clk 0:09:26] } 11. Bxf3 { [%clk 0:09:56] } Bb4 { [%clk
0:09:21] } 12. Bd2 { [%clk 0:09:57] } Bxc3 { [%clk 0:09:22] } 13. Bxc3 { [%clk
0:09:59] } Ne7 { [%clk 0:09:22] } 14. exf5 { [%clk 0:10:00] } Nxf5 { [%clk
0:09:20] } 15. Bxb7 { [%clk 0:09:57] } Nd6 { [%clk 0:09:13] } 16. Bxa8 { [%clk
0:09:56] } Nc8 { [%clk 0:09:10] } 17. Bb7 { [%clk 0:09:57] } Nd6 { [%clk
0:09:10] } 18. Bf3 { [%clk 0:09:57] } Nc4 { [%clk 0:09:07] } 19. O-O-O { [%clk
0:09:52] } c5 { [%clk 0:09:05] } 20. Be2 { [%clk 0:09:46] } Nd7 { [%clk
0:09:05] } 21. Bxc4 { [%clk 0:09:46] } Ne5 { [%clk 0:09:04] } 22. Bxe5 { [%clk
0:09:47] } h5 { [%clk 0:09:00] } 23. Bc7 { [%clk 0:09:43] } h4 { [%clk 0:09:01]
} 24. Rd8+ { [%clk 0:09:42] } Ke7 { [%clk 0:08:58] } 25. Rxh8 { [%clk 0:09:44]
} Kd7 { [%clk 0:08:55] } 26. Rxh4 { [%clk 0:09:45] } Kxc7 { [%clk 0:08:56] }
27. Rd1 { [%clk 0:09:42] } Kb7 { [%clk 0:08:56] } 28. Rh7 { [%clk 0:09:37] }
Ka8 { [%clk 0:08:53] } 29. Rxg7 { [%clk 0:09:33] } Kb8 { [%clk 0:08:53] } 30.
Rd8# { [%clk 0:09:34] } 1-0

[Event "Королевский Гамбит. Южный Федеральный округ."]
[Date "2025-11-21"]
[Round "5.4"]
[Board "4"]
[White "Лебедева Полина"]
[WhiteElo "990"]
[Black "Белоусько Елена"]
[BlackElo "971"]
[WebSite "https://www.chessopen.ru"]
[GameId "e16b5165-9d61-4a1d-9db6-191044ab41c9"]
[Result "1/2-1/2"]

1. e4 { [%clk 0:09:58] } e6 { [%clk 0:09:58] } 2. Bc4 { [%clk 0:09:53] } e5 {
[%clk 0:09:59] } 3. Nf3 { [%clk 0:09:52] } Nf6 { [%clk 0:09:54] } 4. O-O {
[%clk 0:09:47] } Nc6 { [%clk 0:09:53] } 5. h3 { [%clk 0:09:45] } Bc5 { [%clk
0:09:46] } 6. a4 { [%clk 0:09:40] } O-O { [%clk 0:09:34] } 7. d4 { [%clk
0:09:28] } d5 { [%clk 0:09:31] } 8. dxc5 { [%clk 0:09:26] } dxc4 { [%clk
0:09:28] } 9. a5 { [%clk 0:09:16] } Qxd1 { [%clk 0:09:26] } 10. Rxd1 { [%clk
0:09:12] } Bd7 { [%clk 0:09:10] } 11. a6 { [%clk 0:09:05] } bxa6 { [%clk
0:09:06] } 12. b3 { [%clk 0:08:56] } Nb4 { [%clk 0:09:04] } 13. bxc4 { [%clk
0:08:52] } Nxc2 { [%clk 0:09:03] } 14. Rxa6 { [%clk 0:08:45] } Nb4 { [%clk
0:08:54] } 15. Ra4 { [%clk 0:08:38] } Nc6 { [%clk 0:08:49] } 16. Ra3 { [%clk
0:08:15] } Nb4 { [%clk 0:08:27] } 17. Rad3 { [%clk 0:08:13] } Nxd3 { [%clk
0:08:18] } 18. Rxd3 { [%clk 0:08:12] } Ba4 { [%clk 0:08:06] } 19. Ra3 { [%clk
0:07:55] } Bc2 { [%clk 0:07:53] } 20. Nbd2 { [%clk 0:07:38] } Rfb8 { [%clk
0:07:34] } 21. h4 { [%clk 0:07:22] } Rb1 { [%clk 0:07:32] } 22. Kh2 { [%clk
0:07:13] } Rxc1 { [%clk 0:07:29] } 23. h5 { [%clk 0:07:04] } Nxh5 { [%clk
0:07:22] } 24. Nxe5 { [%clk 0:07:01] } Bxe4 { [%clk 0:07:00] } 25. Nxe4 { [%clk
0:06:56] } Re1 { [%clk 0:06:59] } 26. Nc3 { [%clk 0:06:30] } Rxe5 { [%clk
0:06:57] } 27. Nb5 { [%clk 0:06:17] } Rxc5 { [%clk 0:06:47] } 28. Nxc7 { [%clk
0:06:11] } Rxc7 { [%clk 0:06:46] } 29. Rh3 { [%clk 0:05:59] } Nf4 { [%clk
0:06:42] } 30. Rf3 { [%clk 0:05:57] } Rxc4 { [%clk 0:06:37] } 31. g3 { [%clk
0:05:16] } Ne2 { [%clk 0:06:23] } 32. g4 { [%clk 0:05:03] } Rxg4 { [%clk
0:06:20] } 33. Kh3 { [%clk 0:04:57] } Rf4 { [%clk 0:06:07] } 34. Rd3 { [%clk
0:04:47] } Rxf2 { [%clk 0:06:04] } 35. Re3 { [%clk 0:04:41] } Rc8 { [%clk
0:05:59] } 36. Rxe2 { [%clk 0:04:25] } Rxe2 { [%clk 0:05:56] } 37. Kg4 { [%clk
0:04:25] } Rc7 { [%clk 0:05:55] } 38. Kf5 { [%clk 0:04:22] } Rf2+ { [%clk
0:05:54] } 39. Ke5 { [%clk 0:04:21] } Rc5+ { [%clk 0:05:52] } 40. Kd6 { [%clk
0:04:11] } Rc8 { [%clk 0:05:49] } 41. Ke7 { [%clk 0:04:07] } Re2+ { [%clk
0:05:46] } 42. Kd7 { [%clk 0:04:07] } Ree8 { [%clk 0:05:42] } 43. Kd6 { [%clk
0:04:05] } Red8+ { [%clk 0:05:36] } 44. Ke7 { [%clk 0:04:04] } a5 { [%clk
0:05:34] } 1/2-1/2

[Event "Королевский Гамбит. Южный Федеральный округ."]
[Date "2025-11-21"]
[Round "5.4"]
[Board "4"]
[White "Мещанская Полина"]
[WhiteElo "991"]
[Black "зюзько марина"]
[BlackElo "990"]
[WebSite "https://www.chessopen.ru"]
[GameId "a83256b5-dcee-406b-99b3-acedcf6df98b"]
[Result "1-0"]

1. e4 { [%clk 0:10:00] } e5 { [%clk 0:09:59] } 2. Qh5 { [%clk 0:10:00] } g6 {
[%clk 0:10:00] } 3. Qxe5+ { [%clk 0:10:00] } Ne7 { [%clk 0:09:57] } 4. Qxh8 {
[%clk 0:09:59] } d6 { [%clk 0:09:46] } 5. Qxh7 { [%clk 0:09:49] } Nbc6 { [%clk
0:09:32] } 6. Bc4 { [%clk 0:09:38] } Be6 { [%clk 0:09:22] } 7. Bxe6 { [%clk
0:09:35] } fxe6 { [%clk 0:09:22] } 8. Nc3 { [%clk 0:09:30] } d5 { [%clk
0:09:18] } 9. d3 { [%clk 0:09:11] } dxe4 { [%clk 0:09:16] } 10. dxe4 { [%clk
0:09:10] } Nd4 { [%clk 0:09:15] } 11. Kf1 { [%clk 0:08:48] } Nxc2 { [%clk
0:09:05] } 12. Rb1 { [%clk 0:08:35] } Qd3+ { [%clk 0:09:04] } 13. Nge2 { [%clk
0:08:32] } Ne1 { [%clk 0:08:41] } 14. Kxe1 { [%clk 0:08:19] } O-O-O { [%clk
0:08:30] } 15. Bg5 { [%clk 0:08:06] } e5 { [%clk 0:08:09] } 16. Bxe7 { [%clk
0:08:03] } Bxe7 { [%clk 0:08:05] } 17. Qxe7 { [%clk 0:08:04] } Rd7 { [%clk
0:08:05] } 18. Qxe5 { [%clk 0:08:02] } g5 { [%clk 0:08:05] } 19. Qxg5 { [%clk
0:07:53] } Rd8 { [%clk 0:08:01] } 20. Rd1 { [%clk 0:07:49] } Qa6 { [%clk
0:07:48] } 21. Rxd8# { [%clk 0:07:48] } 1-0